US cities-2nd largest - Statistics

General Stats
  • This quiz has been taken 17 times
  • The average score is 33 of 50
Answer Stats
State Largest 2nd largest % Correct
6) Colorado Denver Colorado Springs
94%
2) Alaska Anchorage Fairbanks
94%
9) Florida Jacksonville Miami
94%
5) California Los Angeles San Diego
94%
8) Delaware Wilmington Dover
88%
33) North Carolina Charlotte Raleigh
88%
18) Louisiana New Orleans Baton Rouge
81%
1) Alabama Huntsville Birmingham
81%
32) New York New York City Buffalo
81%
35) Ohio Columbus Cleveland
81%
20) Maryland Baltimore Columbia
81%
40) South Carolina Charleston Columbia
81%
42) Tennessee Nashville Memphis
81%
38) Pennsylvania Philadelphia Pittsburgh
81%
43) Texas Houston San Antonio
81%
25) Missouri Kansas City St Louis
81%
23) Minnesota Minneapolis St Paul
81%
34) North Dakota Fargo Bismarck
75%
28) Nevada Las Vegas Henderson
75%
17) Kentucky Louisville Lexington
75%
27) Nebraska Omaha Lincoln
75%
3) Arizona Phoenix Tucson
75%
13) Illinois Chicago Aurora
69%
4) Arkansas Little Rock Fayetteville
69%
14) Indiana Indianapolis Fort Wayne
69%
22) Michigan Detroit Grand Rapids
69%
30) New Jersey Newark Jersey City
69%
48) Wisconsin Milwaukee Madison
69%
37) Oregon Portland Salem
69%
47) Washington Seattle Spokane
69%
36) Oklahoma Oklahoma City Tulsa
69%
15) Iowa Des Moines Cedar Rapids
63%
31) New Mexico Albuquerque Las Cruces
63%
21) Massachusetts Boston Worcester
63%
29) New Hampshire Manchester Nashua
56%
41) South Dakota Sioux Falls Rapid City
56%
10) Georgia Atlanta Columbus
50%
12) Idaho Boise Meridian
50%
26) Montana Billings Missoula
50%
50) Wyoming Cheyenne Casper
44%
7) Connnecticut Bridgeport Stamford
44%
46) Virginia Virginia Beach Chesapeake
38%
11) Hawaii Honolulu East Honolulu
38%
24) Mississippi Jackson Gulfport
38%
48) West Virginia Charleston Huntington
38%
19) Maine Portland Lewiston
38%
16) Kansas Wichita Overland Park
38%
44) Utah Salt Lake City West Valley City
38%
39) Rhode Island Providence Cranston
25%
45) Vermont Burlington South Burlington
19%
No matching quizzes found
Score Distribution
Percent of People with Each Score
Percentile by Number Answered
Your Score History
You have not taken this quiz